Bytový dom

Saved in:
Bibliographic Details
Main Author: Mileiová, Barbara (Author)
Other Authors: Menďan, Rastislav (Thesis advisor)
Format: Manuscript Book
Language:Slovak
Published: 2025
Subjects:
Online Access:http://is.stuba.sk/zp/portal_zp.pl?podrobnosti=167447
CRZP
Tags: Add Tag
No Tags, Be the first to tag this record!

MARC

LEADER 00000ntm a22000003a 4500
001 stuzp105433
003 SK-STU
005 20250729113321.6
007 ta
008 150427s2015----xo-----f-mn---000-0-slo-d
040 |a STU  |b slo 
041 0 |a slo 
100 1 |a Mileiová, Barbara  |u 010180  |4 aut  |U SvF Stavebná fakulta  |T SvF Katedra konštrukcií pozemných stavieb  |X 114824  |U V180  |Y 18  |7 114824 
242 0 1 |a Residetial building  |y eng 
245 1 0 |a Bytový dom 
260 |c 2025 
650 4 |a bytový dom  |2 slo 
650 4 |a novostavba  |2 slo 
650 4 |a realizačný projekt  |2 slo 
650 4 |a polyfunkcia  |2 slo 
650 4 |a apartment building  |2 eng 
650 4 |a polyfunction  |2 eng 
650 4 |a implementation project  |2 eng 
700 1 |a Menďan, Rastislav  |u 010180  |k Z1  |4 ths  |U SvF Stavebná fakulta  |T SvF Katedra konštrukcií pozemných stavieb  |X 776  |U V180  |Y 18  |7 A000000776 
856 4 |u http://is.stuba.sk/zp/portal_zp.pl?podrobnosti=167447 
856 4 |u https://opac.crzp.sk/?fn=detailBiblioForm&sid=C9A1C75A261DD259FD81431E26A3  |z CRZP